Southville International School and Colleges
Your cart is empty.
  • Cart
  • Lists
    Public lists Eva Luna New books Lux_list list_1
    Your lists Log in to create your own lists
  • Log in to your account
  • Your cookies
  • Search history
Southville International School and Colleges
  • Advanced search
  • Recent comments
  • Most popular
  • Libraries

Log in to your account

Log in with GOOGLE


If you do not have an external account, but do have a local account, you can still log in:

  1. Home
  2. MARC view: Harry Potter and the order of phoenix /
Normal view MARC view ISBD view

Harry Potter and the order of phoenix / (Record no. 276847)

[ view plain ]
MARC details
000 -LEADER
fixed length control field 00530nam a2200193 a 4500
005 - DATE AND TIME OF LATEST TRANSACTION
control field 20141120105928.0
008 - FIXED-LENGTH DATA ELEMENTS--GENERAL INFORMATION
fixed length control field 030920s19uu xx 00 eng d
020 ## - INTERNATIONAL STANDARD BOOK NUMBER
International Standard Book Number 9780439358071
050 ## - LIBRARY OF CONGRESS CALL NUMBER
Classification number PZ 7
Item number .R79835Op 2004
100 ## - MAIN ENTRY--PERSONAL NAME
Personal name Rowling, J.K.
245 ## - TITLE STATEMENT
Title Harry Potter and the order of phoenix /
Statement of responsibility, etc J.K. Rowling.
250 ## - EDITION STATEMENT
Edition statement Book 5
260 ## - PUBLICATION, DISTRIBUTION, ETC. (IMPRINT)
Place of publication, distribution, etc New York :
Name of publisher, distributor, etc Scholastic Press,
Date of publication, distribution, etc 2004.
300 ## - PHYSICAL DESCRIPTION
Extent 870 pages :
Other physical details illustrations ;
Dimensions 24 cm.
650 ## - SUBJECT ADDED ENTRY--TOPICAL TERM
Topical term or geographic name as entry element Fiction
942 ## - ADDED ENTRY ELEMENTS (KOHA)
Koha item type Books
Source of classification or shelving scheme Library of Congress Classification
Holdings
Withdrawn status Lost status Source of classification or shelving scheme Damaged status Home library Current library Shelving location Date acquired Sub Shelving location Total Checkouts Total Renewals Full call number Barcode Date last seen Date checked out Price effective from Koha item type
    Library of Congress Classification   College Library College Library Fiction Section 11/20/2014   5 22 PZ 7 .R79835Op 2004 C18966 05/08/2018 01/05/2017 11/20/2014 Books

Harry Potter and the order of phoenix /

APA

Rowling J., . (2004). Harry Potter and the order of phoenix. New York: Scholastic Press.

Chicago

Rowling J.K, . 2004. Harry Potter and the order of phoenix. New York: Scholastic Press.

Harvard

Rowling J., . (2004). Harry Potter and the order of phoenix. New York: Scholastic Press.

MLA

Rowling J.K, . Harry Potter and the order of phoenix. New York: Scholastic Press. 2004.

  • Place hold
  • Print
  • Cite
  • Add to your cart (remove)
  • Save record
    BIBTEX Dublin Core MARCXML MARC (non-Unicode/MARC-8) MARC (Unicode/UTF-8) MARC (Unicode/UTF-8, Standard) MODS (XML) RIS
  • More searches
    Search for this title in:
    Other Libraries (WorldCat) Other Databases (Google Scholar) Online Stores (Bookfinder.com) Open Library (openlibrary.org)

Exporting to Dublin Core...

SOUTHVILLE LIBRARY

Southville International School and Colleges Library

1281 Tropical Ave. Cor. Luxembourg St., BF Homes International, Las Pinas City

Tel. No. 8256374 / 252358 Loc. 117/146

Powered by Koha